000 01202cab a2200229 4500
001 ##L135604
008 061114n2006 000 0 eng u
035 _a(Sirsi) u135604
041 0 _aeng
110 2 _aRoyal Institution of Chartered Surveyors
_94900
245 0 0 _aProperty industry launches occupiers satisfaction index research
260 _c2006
490 0 _aRICS Press Release
_v10 November 2006
520 _aThe research, due for publication in March 2007, will measure how successfully landlords and other suppliers across retail, office and industrial sectors are meeting the needs of occupiers. The resulting index will be based on interviews with a panel of 250 occupiers across the UK commercial customer base. The Property Industry Alliance and CoreNet Global UK are championing the project.
590 _aKA
650 2 4 _aOCCUPIE$ SATISFACTION
650 2 4 _aRICS OCCUPIERS SATISFACTION INDEX
651 4 _aUnited Kingdom
_y
690 _aPROPERTY-COMMERCIAL PROPERTY-LEASEHOLD COMMERCIAL PROPERTY-COMMERCIAL LANDLORD AND TENANT
856 4 0 _uhttps://www.rics.org/RICSWEB/getpage.aspx?p=IoFq9kmSOkW5aP6gtlhZgA
_zView the item free of charge at www.rics.org...
942 _n0
999 _c77956
_d77956